000 00483nam a2200205Ia 4500
008 170918s9999 xx 000 0 und d
020 _a9780439672382
050 _bL666 2004
100 _aLeviton, Michael
245 _aBack from the dead! /
245 _cby Michael Leviton.
260 _aNew York :
260 _bScholastic,
260 _c2004
300 _a16 pages :
300 _bcolored illustration ;
300 _c19cm.
440 _aRead 180.
500 _a210
999 _c343058
_d343058